01417aab a2200217 i 4500001001000000003001000010005001700020008004100037022001400078040004100092041000800133100003600141245009500177300006500272520059200337653001900929653001400948653003300962773009800995773010601093768714001CO-MdFUSB20230605161744.0171123s2013 ck ||||| |||| 00| 0 spa d a0120-3649 aCO-MdFUSBbspacCO-MdFUSBdCO-MdFUSB aspa1 aSánchez Ruíz, Andreaeautor00aHacia nuevas formas de convivencia en la familia eclesialc/ Andrea Sánchez Ruíz Welch aVolumen 63. Número 176 (2013), páginas 507-539c: 24 cm.1 aLas mesas familiares esconden un lenguaje que habrá de interpretarse, para poder imaginar nuevas formas de convivencia comunitaria en la Iglesia. En este trabajo se describen diversos modelos de mesas familiares que se confrontan con el modo como Jesús actuó en las comidas y en las mesas, en la condición de comensal o de anfitrión. Finalmente, al reconocer a la familia como iglesia doméstica, a la luz de las mesas familiares y de la experiencia de Jesús, podrán trazarse algunas notas para gestar y vivir nuevas (y no tan nuevas) formas de convivencia intraeclesial.  aEclesiología aComunidad aRelaciones intracomunitarias0 tTheologica Xaveriana049424gVolumen 63, número 176 (2013), páginas 507-539qPágina 5070 tTheologica Xaveriana049424gVolumen 63, número 176 (2013), páginas 507-539qPágina 507oR14380